| 000 | 00741cab a2200241 4500 | ||
|---|---|---|---|
| 001 | WB3504-23 | ||
| 008 | 090401t1999 xxu||||| |||| 00| 0 eng d | ||
| 035 | _a(Sirsi) u90975 | ||
| 041 | _aeng | ||
| 245 | _aFarmers warn over euro opt-out | ||
| 260 | _c1999 | ||
| 350 | _a0 | ||
| 490 |
_aFinancial Times _v28 January 1999, 10(1) |
||
| 520 | _aBritish food producers are concerned that they could find themselves unable to cut their costs and remain competitive if the UK does not take up the single currency. | ||
| 650 | _aEURO | ||
| 650 | _aEUROPEAN FOOD INDUSTRY | ||
| 650 | _aFARMING | ||
| 650 | _aFOOD PRODUCERS | ||
| 650 | _aNATIONAL FARMERS UNION | ||
| 690 | _aEUROPE-SINGLE MARKET | ||
| 942 | _n0 | ||
| 948 | _c28/01/1999 | ||
| 999 |
_c57720 _d57720 |
||